| 000 | 00800cab a2200205 4500 | ||
|---|---|---|---|
| 001 | ABS45849 | ||
| 008 | 090401t1992 xxu||||| |||| 00| 0 eng d | ||
| 035 | _a(Sirsi) u55444 | ||
| 041 | _aeng | ||
| 100 | _aHenneberry, John M. | ||
| 245 | _aScience parks: a property-based initiative for urban regeneration | ||
| 260 | _c1992 | ||
| 350 | _a0 | ||
| 490 |
_aLocal Economy _v6(4) February 1992, 326-336(5) |
||
| 520 | _aDiscusses the science park phenomenon, looking at their growth since the first two, Cambridge Science Park and Heriot-Watt University Research Park, opened in 1972. Considers their objectives, the means to pursue them and the level of success achieved. References. | ||
| 650 | _aSCIENCE PARKS | ||
| 690 | _aPROPERTY-COMMERCIAL PROPERTY | ||
| 942 | _n0 | ||
| 948 | _c04/03/1997 | ||
| 999 |
_c33871 _d33871 |
||